U.S. Geography By Letter - H - Statistics

General Stats
  • This quiz has been taken 40,374 times
    18,369 since last reset
  • The average score is 12 of 20
Answer Stats
Clue Answer % Correct
The 50th state to join the U.S. Hawaii
100%
Neighborhood of Los Angeles synonymous with movies Hollywood
95%
4th most populous city in the United States Houston
91%
One of the Great Lakes Lake {Huron}
88%
River that flows past Manhattan {Hudson} River
87%
Dam on the Colorado River which more than 100 people died while building {Hoover} Dam
84%
Historically black neighborhood in upper Manhattan Harlem
82%
Capital of Montana Helena
73%
Capital of Connecticut Hartford
71%
Area of Long Island where many wealthy people "summer" The {Hamptons}
67%
A person from Indiana is known as a .... Hoosier
65%
Company town in Pennsylvania that bills itself as "the sweetest place on Earth" Hershey
62%
Resort island on the South Carolina coast {Hilton} Head
45%
The most populous city in Alabama, it hosts a NASA research center Huntsville
41%
Pointy volcano visible from Portland, Oregon Mount {Hood}
37%
Neighborhood in San Francisco known as the center of the hippie movement {Haight}-Ashbury
32%
Opulent estate in San Simeon, California built by a newspaper baron {Hearst} Castle
26%
National Park located in Arkansas Hot Springs
24%
Rock formation in Yosemite featured on California's state quarter Half Dome
23%
Large reservoir on the Colorado River Lake {Havasu}
17%
No matching quizzes found
Score Distribution
Percent of People with Each Score
Percentile by Number Answered
Your Score History
You have not taken this quiz since the last reset